000 00924nam a22002537a 4500
999 _c63451
_d63451
005 20240530110642.0
008 171022s2016 jo f b 00| 0 ara d
017 _a2015/1693
_bالاردن . المكتبة الوطنية
020 _a9789957991340
040 _aEG-CaGPL
_cEG-CaGPL
082 0 4 _221
_a723.3 /
_bى ع
100 0 _aيوسف البرغوثى
245 1 2 _aالعمارة الاسلامية فن وابداع /
_cيوسف البرغوثى
250 _aط. 1
260 _aعمان :
_bدار أمجد للنشر والتوزيع ،
_c2016.
300 _a268 ص. ؛
_c24 سم.
504 _aيشتمل على ارجاعات ببليوجرافية
650 0 7 _2qrmak
_aالعمارة الاسلامية
650 0 7 _2qrmak
_aالفن الاسلامى
650 0 7 _2qrmak
_aلزخرفة الاسلامية
651 _2qrmak
942 _2ddc
_cBK